000 01081nam2a2200241 4500
001 rc\3026514
005 20260315071305.0
035 _a(NLR Aleph) 007208176
090 _a13630444
_c13630444
100 _a20110929d1938 u y0rusy50 ca
101 1 _arus
102 _aRU
105 _ay z |||||
200 1 _aСистема Cu-Fe-S
210 _d1938
461 0 _1001rc\3026483
_12001#$aПереводы по геологии и полезным ископаемым$fНКТП. Гл. геол. упр. Центр. геол. б-ка. Информационно-массовый сектор$v№ 124
_97660429
_cЛенинград
_d1936-1955
_fНКТП. Гл. геол. упр. Центр. геол. б-ка. Информационно-массовый сектор
_nЦент. геол. б-ка
_tПереводы по геологии и полезным ископаемым
_v№ 124
700 1 _aМервин
_bХ.Э.
701 1 _aЛомбард
_bР.Х.
801 0 _aRU
_bNLR
_gpsbo
801 1 _aRU
_bELAR
_2rusmarc
852 _aNLR
_j36-20/114
942 _cUNSPEC
980 _aNB